Biblioteca ESET

Geografía 2 : El continente americano (Registro nro. 717)

Detalles MARC
000 -CABECERA
fixed length control field 00772nam a2200265Ia 4500
003 - CONTROL NUMBER IDENTIFIER
control field AR-BeUNQ
005 - FECHA Y HORA DE LA ULTIMA TRANSACCION
control field 20240429151757.0
008 - ELEMENTOS DE LONGITUD FIJA-INFORMACION GENERAL
fixed length control field 221202s9999 xx 000 0 und d
020 ## - NUMERO INTERNACIONAL NORMALIZADO PARA LIBROS
Número Internacional Normalizado del libro 9789875473065
040 ## - FUENTE DE CATALOGACION
Agencia de catalogación original AR-BeUNQ
Idioma de catalogación ESPAÑOL
Convenciones de la descripción aacr
Agencia que realiza la transcripción AR-BeUNQ
100 ## - ASIENTO PRINCIPAL-NOMBRE PERSONAL
Nombre personal Garcia Carolina
245 #0 - MENCION DE TITULO
Título Geografía 2 : El continente americano
250 ## - MENCION DE EDICION
Mención de edición 1a.ed
260 ## - PUBLICACION, DISTRIBUCION, ETC.
Lugar de publicación, distribución, etc. San Isidro :
Nombre del editor, distribuidor, etc. Puerto de Palos,
Fecha de publicación, distribución, etc 2011
300 ## - DESCRIPCION FISICA
Extensión 208 p.:
Otros detalles físicos il. ;
Dimensiones 28 x 20 cm
490 ## - MENCION DE SERIE
Mención de serie Logonautas
500 ## - NOTA GENERAL
Nota general Geografía de América
521 ## - NOTA DE AUDIENCIA
Nota de audiencia Contiene Biliogrqafía
546 ## - NOTA DE IDIOMA
Nota de idioma Español
653 ## - TERMINO DE INDIZACION - NO CONTROLADO
Término de indización no controlado Educación Secundaria
653 ## - TERMINO DE INDIZACION - NO CONTROLADO
Término de indización no controlado Geografía- Enseñanza
700 ## - ASIENTO SECUNDARIO - NOMBRE DE PERSONA
Personal name Alvarez Insúa, Nadina
929 ## - DATOS DE ADQUISICION
Proveedor Fihman, Daniel
Fecha de recibido 2022
Procedencia DONACION
Patrimonio UNQ PAT0081648
Número de inventario 60244
942 ## - ELEMENTOS DE PUNTO DE ACCESO ADICIONAL (KOHA)
Tipo de ítem Koha Libros
Suppress in OPAC 0
Existencias
Estado de retiro Estado de pérdida Fecha de ingreso Total Checkouts Signatura topográfica completa Inventario Date last seen Tipo de ítem Koha
    02/12/2022   910 = 372 60244 02/12/2022 Libros

ESET UNQ

☏ 4365-7188
 Avenida República de Francia 1714 entre Doctor Kenny y Concordia, Ezpeleta, Bs As.
✉ secretaria_eset@unq.edu.ar

Con tecnología Koha